| 000 | 00661nam a2200241Ia 4500 | ||
|---|---|---|---|
| 003 | OSt | ||
| 005 | 20221005051803.0 | ||
| 006 | a|||||r|||| 00| 0 | ||
| 007 | ta | ||
| 008 | 221004b |||||||| |||| 00| 0 eng d | ||
| 024 | _a41086 | ||
| 037 | _cTextual | ||
| 040 |
_aCRL _cCRL _beng |
||
| 041 |
_2eng _aeng |
||
| 082 | _aO111,1:g, M5 | ||
| 100 | _aSmith A J | ||
| 245 | 0 |
_aMetaphysics of love _b Studies in renaissance love poetry from Dante to Milton |
|
| 260 |
_aLondon _bCambridge _c1985 |
||
| 300 |
_aix, 349p _ccm. |
||
| 650 | _aENGLISH LITERATURE | ||
| 942 |
_hO111,1:g, M5 _cTEXL _2cc |
||
| 999 |
_c959354 _d959354 |
||